000 00740nam a22002057a 4500
005 20100804122956.0
010 _aENG-98215
020 _c120.00
035 _aEN-81748
037 _bDBAD/PUB
082 _a330.1
100 _aSreekumar, P. K.
_96011
245 _aSociety and economy :
_cby P. K. Sreekumar,
_bunider the chalukyas of vatapi C. AD 500-C.AD 8010 /
260 _aKuppam
_bDravidian University
_c2009
270 _aSrinivasavanam
_bKuppam
_e517425
300 _axi, 193 p.
_b21cm (Pbk)
500 _aIncludes bibliographical references
942 _2ddc
_cEN
_h330.1
_mSRE
999 _c39223
_d39223